<?xml version="1.0" encoding="UTF-8"?>
<record
    xmlns:xsi="http://www.w3.org/2001/XMLSchema-instance"
    xsi:schemaLocation="http://www.loc.gov/MARC21/slim http://www.loc.gov/standards/marcxml/schema/MARC21slim.xsd"
    xmlns="http://www.loc.gov/MARC21/slim">

  <leader>01092cam a2200277 a 4500</leader>
  <controlfield tag="001">000006311</controlfield>
  <controlfield tag="005">20200929153920.0</controlfield>
  <controlfield tag="008">830622s1981    sp h     b    001 0aspa  </controlfield>
  <datafield tag="020" ind1=" " ind2=" ">
    <subfield code="z">8400049096</subfield>
  </datafield>
  <datafield tag="040" ind1=" " ind2=" ">
    <subfield code="a">DO-SdBNP</subfield>
    <subfield code="b">spa</subfield>
    <subfield code="c">DLC</subfield>
    <subfield code="d">BNPHU</subfield>
  </datafield>
  <datafield tag="082" ind1=" " ind2=" ">
    <subfield code="a">860.5</subfield>
    <subfield code="b">G724d</subfield>
  </datafield>
  <datafield tag="100" ind1="1" ind2=" ">
    <subfield code="a">Goya, Francisco de,</subfield>
    <subfield code="d">1746-1828.</subfield>
    <subfield code="9">17604</subfield>
  </datafield>
  <datafield tag="245" ind1="1" ind2="0">
    <subfield code="a">Diplomatario /</subfield>
    <subfield code="c">Francisco de Goya ; edici&#xF3;n preparada por &#xC1;ngel Canellas L&#xF3;pez.</subfield>
  </datafield>
  <datafield tag="260" ind1=" " ind2=" ">
    <subfield code="a">Zaragoza, Espa&#xF1;a :</subfield>
    <subfield code="b">Instituci&#xF3;n Fernando el Cat&#xF3;lico de la Exma. Diputacion de Zaragoza, C.S.I.C.,</subfield>
    <subfield code="c">1981.</subfield>
  </datafield>
  <datafield tag="300" ind1=" " ind2=" ">
    <subfield code="a">590 p. :</subfield>
    <subfield code="b">facsims. ;</subfield>
    <subfield code="c">27 cm.</subfield>
  </datafield>
  <datafield tag="490" ind1="1" ind2=" ">
    <subfield code="a">Instituci&#xF3;n Fernando el Cat&#xF3;lico</subfield>
    <subfield code="v">826</subfield>
  </datafield>
  <datafield tag="504" ind1=" " ind2=" ">
    <subfield code="a">Incluye referencias Bibliogr&#xE1;ficas (p. 555-563).</subfield>
  </datafield>
  <datafield tag="500" ind1=" " ind2=" ">
    <subfield code="a">Incluye &#xED;ndices.</subfield>
  </datafield>
  <datafield tag="600" ind1="1" ind2="4">
    <subfield code="a">GOYA, FRANCISCO,</subfield>
    <subfield code="d">1746-1828.</subfield>
    <subfield code="9">17605</subfield>
  </datafield>
  <datafield tag="650" ind1=" " ind2="4">
    <subfield code="a">Artista</subfield>
    <subfield code="z">Espa&#xF1;a</subfield>
    <subfield code="x">Correspondencia</subfield>
    <subfield code="9">17606</subfield>
  </datafield>
  <datafield tag="600" ind1="1" ind2="4">
    <subfield code="a">GOYA, FRANCISCO,</subfield>
    <subfield code="d">1746-1828</subfield>
    <subfield code="x">AUT&#xD3;GRAFOS</subfield>
    <subfield code="9">17607</subfield>
  </datafield>
  <datafield tag="700" ind1="1" ind2=" ">
    <subfield code="a">Canellas L&#xF3;pez, &#xC1;ngel.</subfield>
    <subfield code="e">ed.</subfield>
    <subfield code="9">17608</subfield>
  </datafield>
  <datafield tag="830" ind1=" " ind2="0">
    <subfield code="a">Instituci&#xF3;n Fernando el Cat&#xF3;lico ;</subfield>
    <subfield code="v">826</subfield>
    <subfield code="9">16722</subfield>
  </datafield>
  <datafield tag="910" ind1=" " ind2=" ">
    <subfield code="a">Catalogaci&#xF3;n por copia / LC</subfield>
  </datafield>
  <datafield tag="049" ind1=" " ind2=" ">
    <subfield code="a">BNGR</subfield>
  </datafield>
  <datafield tag="952" ind1=" " ind2=" ">
    <subfield code="0">0</subfield>
    <subfield code="1">0</subfield>
    <subfield code="5">4</subfield>
    <subfield code="7">0</subfield>
    <subfield code="8">MO</subfield>
    <subfield code="a">GR</subfield>
    <subfield code="b">GR</subfield>
    <subfield code="c">CT</subfield>
    <subfield code="d">2009-08-27</subfield>
    <subfield code="i">LF1</subfield>
    <subfield code="l">0</subfield>
    <subfield code="o">860.5 G724d</subfield>
    <subfield code="p">6311-10</subfield>
    <subfield code="r">2020-06-25</subfield>
    <subfield code="w">2020-06-25</subfield>
    <subfield code="y">4</subfield>
    <subfield code="Z">Pr&#xE9;stamo en sala</subfield>
  </datafield>
  <datafield tag="999" ind1=" " ind2=" ">
    <subfield code="c">6106</subfield>
    <subfield code="d">6106</subfield>
  </datafield>
</record>
